000 00404nam a2200133Ia 4500
001 3050
008 241024s9999 xx 000 0 und d
082 _aRD/618.07/R426e
100 _aRepública Dominicana.Ministerio de Educación. MINERD
245 0 _aEstratégia de pares para la capacitación
260 _bSanto Domingo, República Dominicana
_c2012
901 _a23/7/2013 9:27:58 a.m.
999 _c8058
_d8058